| Tag |
First Indicator |
Second Indicator |
Subfields |
| LEADER |
00000cam a2200000Ia 4500 |
| 001 |
in00002255821 |
| 005 |
20151105102015.0 |
| 008 |
070706s2007 au b 001 0 eng d |
| 020 |
|
|
|a 9783700315964 (pbk.)
|
| 020 |
|
|
|a 3700315961 (pbk.)
|
| 029 |
0 |
|
|a OHX
|b har075013668
|
| 035 |
|
|
|a (OCoLC)ocn153885536
|
| 035 |
|
|
|a (OCoLC)153885536
|
| 040 |
|
|
|a OHX
|c OHX
|d EMT
|d TXA
|d UtOrBLW
|
| 043 |
|
|
|a e-uk-en
|
| 049 |
|
|
|a TXAM
|
| 050 |
|
4 |
|a BR756
|b .L44 2007
|
| 072 |
|
7 |
|a BX
|2 lcco
|
| 100 |
1 |
|
|a Lederer, Thomas.
|
| 245 |
1 |
0 |
|a Sacred demonization :
|b saints' legends in the English renaissance /
|c Thomas Lederer.
|
| 264 |
|
1 |
|a Wien :
|b Braumüller,
|c 2007.
|
| 300 |
|
|
|a x, 269 pages :
|b 5 figures, 6 tables ;
|c 23 cm.
|
| 336 |
|
|
|a text
|b txt
|2 rdacontent
|
| 337 |
|
|
|a unmediated
|b n
|2 rdamedia
|
| 338 |
|
|
|a volume
|b nc
|2 rdacarrier
|
| 490 |
1 |
|
|a Austrian studies in English ;
|v v. 96
|
| 504 |
|
|
|a Includes bibliographical references (pages 225-265) and index.
|
| 650 |
|
0 |
|a Saints
|v Legends.
|
| 651 |
|
0 |
|a England
|x Church history.
|
| 651 |
|
0 |
|a England
|x Religious life and customs.
|
| 830 |
|
0 |
|a Austrian studies in English ;
|v v. 96.
|
| 938 |
|
|
|a Otto Harrassowitz
|b HARR
|n har075013668
|c 27.90 EUR
|
| 994 |
|
|
|a C0
|b TXA
|
| 948 |
|
|
|a cataloged
|b h
|c 2007/8/28
|d c
|e blrosas
|f 4:14:51 pm
|
| 999 |
|
|
|a MARS
|
| 999 |
f |
f |
|s 69f6fbcc-dc96-3128-9282-974929e546a6
|i 204e23e0-d2dc-3bc0-94d5-7ed27b3a6383
|t 0
|
| 952 |
f |
f |
|p normal
|a Texas A&M University
|b College Station
|c Sterling C. Evans Library
|d Evans: Library Stacks
|t 0
|e BR756 .L44 2007
|h Library of Congress classification
|i unmediated -- volume
|m A14836372555
|
| 998 |
f |
f |
|a BR756 .L44 2007
|t 0
|l Evans: Library Stacks
|